Tratado práctico sobre seguridad, higiene y accidentes del trabajo
Shranjeno v:
| Glavni avtor: | |
|---|---|
| Format: | Knjiga |
| Jezik: | španščina |
| Izdano: |
Santiago, Chile
Revista Técnica del Trabajo y Previsión Social
1970
|
| Teme: | |
| Oznake: |
Označite
Brez oznak, prvi označite!
|
MARC
| LEADER | 00000nam a2200000 a 4500 | ||
|---|---|---|---|
| 001 | UCU4280 | ||
| 003 | CL-VaPUC | ||
| 005 | 20250225120812.0 | ||
| 008 | 960517e19700000CL |||||||||||||||||spa|d | ||
| 999 | |c 248053 |d 248051 | ||
| 040 | |c Pontificia Universidad Católica de Valparaíso | ||
| 082 | 0 | 4 | |a 363.72 HAS 1970 |2 21 |
| 100 | |a Hasard Caudrón, Salvador |e autor |9 388461 | ||
| 245 | 1 | 0 | |a Tratado práctico sobre seguridad, higiene y accidentes del trabajo |
| 260 | 0 | 3 | |a Santiago, Chile |b Revista Técnica del Trabajo y Previsión Social |c 1970 |
| 300 | |a 2 volúmenes | ||
| 583 | |a last modification |c 19960517 00:00:00 |k Rodrigo Vera | ||
| 650 | 0 | |a Seguridad |9 354178 | |
| 650 | 0 | |a Condiciones de vida |9 337437 | |
| 650 | 7 | |a HIGIENE |2 CL-VaPUC |9 361827 | |
| 650 | 0 | |a Salud |9 258663 | |
| 650 | 0 | |a Accidentes de trabajo |9 254901 | |
| 650 | 7 | |a PREVISION DE ACCIDENTES |2 CL-VaPUC |9 361828 | |
| 650 | 7 | |a MEDICINA DEL TRABAJO |2 CL-VaPUC |9 358736 | |
| 942 | |c BK |2 ddc | ||
| 945 | |d 19960517 00:00:00 |a lriquelm | ||